Náš sused Ukrajina. 2
Odstavenie černobyľskej jadrovej elektrárne - podmienka spolupráce západných krajín s Ukrajinou. Memorandum o uzavretí Černobyľu, podpísané v Kyjeve 27.5.1995. Predpoklady zrýchlenia tempa reforiem.
Salvato in:
| Autore principale: | |
|---|---|
| Natura: | Capitolo di libro |
| Lingua: | slovacco |
| Soggetti: | |
| Tags: |
Nessun Tag, puoi essere il primo ad aggiungerne!!
|
MARC
| LEADER | 00000naa a2200000 4500 | ||
|---|---|---|---|
| 001 | r018291 | ||
| 005 | 20221213095816.5 | ||
| 041 | 0 | |a slo | |
| 044 | |a SK | ||
| 245 | 1 | 0 | |a Náš sused Ukrajina. 2 |c T.F. Lindar |
| 520 | |a Odstavenie černobyľskej jadrovej elektrárne - podmienka spolupráce západných krajín s Ukrajinou. Memorandum o uzavretí Černobyľu, podpísané v Kyjeve 27.5.1995. Predpoklady zrýchlenia tempa reforiem. | ||
| 610 | 2 | 0 | |a Ukrajina |
| 610 | 2 | 0 | |a 1995 |
| 610 | 2 | 0 | |a reformy hospodárske |
| 610 | 2 | 0 | |a podnikanie |
| 610 | 2 | 0 | |a Černobyľ |
| 100 | 1 | |a Lindar, T.F. | |